000 00652nam a2200205 a 4500
005 20240925063946.0
008 041013s1998 mx r 000 0 spa d
020 _a848164269X
035 _aUPN01000135628
049 _aCG
050 4 _aBD95
_bM3.2
100 1 _aMartín, Consuelo
245 1 0 _aConciencia y realidad :
_bestudio sobre la metafísica con la Mandukya Upanisad, las Káriká de Gaudapada y comentarios de Sankara /
_cConsuelo Martín.
260 _aMadrid :
_bTrotta,
_c1998.
300 _a229 p.
440 0 _aEstructuras y procesos ;
_pFilosofía
650 4 _aMetafísica
_916172
650 4 _aFilosofía
_95327
905 _aLibro
999 _c107779
_d107779